000 00734nam a22002297a 4500
003 UA-OsUOA
001 71146
007 ta
008 20101005b un ||||| |||| 00| 0 ukr d
100 _aТимохін М.
700 _aЛещенко В.
090 _a330
_bТ41
942 _cSA
040 _aUA-OsUOA
_bukr
_cUA-OsUOA
_dUA-OsUOA
245 _aРоль європейських ідей у реформуванні державного внутрішнього фінансового контролю в Україні
300 _aС.39-42
955 _a0
041 _aukr
080 _a330
773 0 _w71145
_tФінансовий контроль
_dК.
_d2010
_g6
650 7 _a330 Економіка взагалі
_2UDC
999 _c357413
_d357413